00888nam a2200253 a 450000100100000000500170001000800410002701000130006804000230008108200180010410000380012224000160016024500740017626000620025030000300031249000330034249000350037550400400041065000220045065000240047265000390049665100430053583000560057800000579020200929151803.0890308s1986 uy b f000 0 spa  a89120348 aDO-SdBNPcDLCdDLC aU861.1bH632o1 aHidalgo, Bartolomé,d1788-1822.10aWorksf198610aObra completa /cBartolomé Hidalgo ; prólogo de Antonio Praderio. aMontevideo :bMinisterio de Educación y Cultura,c1986. alxxxiii, 162 p. ;c20 cm.1 aBiblioteca Artigasvvol. 1701 aClásicos uruguayosvvol. 170 aIncluye referencia bibliográficas 4aPoesía uruguaya 4aLiteratura uruguaya 4aGauchos en la literaturaxPoesía 4aUruguayxHistoriay1810-1830xPoesía 0aBiblioteca ArtigaspClásicos uruguayos ;vv. 170.